000 00405nam a2200157Ia 4500
003 OSt
005 20230526161634.0
008 211028s2016 xx 000 0 und d
040 _cAIMIT LIBRARY
041 _aeng
100 _aKaneria, A Prachi; Hemalatha.
_98646
_e141917
110 _aHemalatha
_98647
245 _aFinancial asset management system.
260 _aMangalore
_c2016
942 _2ddc
_cPRO
999 _c219992
_d219992